000 00971cab a2200265 4500
001 WB2906-14
008 090401t1993 xxu||||| |||| 00| 0 eng d
035 _a(Sirsi) u48440
041 _aeng
245 _aEnd to fall in values in sight
260 _c1993
350 _a0
490 _aRICS Press Release
_v(PR33/93) 11 February 1993 (2)
520 _aThe second forecast of the RICS-sponsored London Business School Commercial Property Model predicts that commercial property values will begin to grow in the last quarter of 1993 and will show sustained growth from mid-1994.
650 _aCAPITAL VALUES
650 _aCOMMERCIAL PROPERTY PRICES
650 _aFORECASTS
650 _aIPD MONTHLY INDEX
650 _aLBS / RICS COMMERCIAL PROPERTY MODEL
650 _aLONDON BUSINESS SCHOOL
650 _aRICS / LBS COMMERCIAL PROPERTY MODEL
690 _aPROPERTY-COMMERCIAL PROPERTY-COMMERCIAL PROPERTY MARKET
942 _n0
948 _c04/03/1997
999 _c30429
_d30429